[Event "XIV C.to Italiano U20"]
[Site "Bratto - Castione della Presolana ITA"]
[Date "2006.08.23"]
[Round "5"]
[White "Vocaturo, Daniele"]
[Black "Rombaldoni, Denis"]
[Result "1-0"]
[WhiteElo "2410"]
[BlackElo "2348"]
[PlyCount "117"]
[EventDate "2006.08.19"]

1. d4 Nf6 2. Nf3 c5 3. d5 b5 4. Bg5 Ne4 5. Bf4 Qa5+ 6. c3 d6 7. Nbd2 Nxd2 8.
Nxd2 e5 9. dxe6 Bxe6 10. g3 Nd7 11. Bg2 Rd8 12. Ne4 d5 13. Ng5 Nf6 14. Nxe6
fxe6 15. O-O Be7 16. e4 dxe4 17. Qe2 O-O 18. Bxe4 Nxe4 19. Qxe4 Qb6 20. Rfe1
Bf6 21. Qxe6+ Qxe6 22. Rxe6 Rfe8 23. Rxe8+ Rxe8 24. Be3 b4 25. Bxc5 bxc3 26.
bxc3 a5 27. Rc1 Re2 28. a3 Ra2 29. Kg2 Kf7 30. c4 Be7 31. Bxe7 Kxe7 32. Rc3 Kd6
33. c5+ Kc6 34. h4 a4 35. Kf3 g6 36. Ke3 Ra1 37. Kd4 Re1 38. Re3 Rd1+ 39. Kc4
Rc1+ 40. Kb4 Rb1+ 41. Kxa4 Kxc5 42. Re7 Rb2 43. Rxh7 Rxf2 44. Rh6 Rf6 45. h5
Ra6+ 46. Kb3 Rb6+ 47. Kc3 Ra6 48. Rxg6 Rxa3+ 49. Kd2 Kd4 50. h6 Ra2+ 51. Ke1
Ke4 52. g4 Ke3 53. Kd1 Kd3 54. Kc1 Kc3 55. Kb1 Ra7 56. Rg7 Ra6 57. g5 Rb6+ 58.
Kc1 Ra6 59. Rc7+ 1-0

[Event "XIV C.to Italiano U20"]
[Site "Bratto - Castione della Presolana ITA"]
[Date "2006.08.23"]
[Round "5"]
[White "Zermian, Federico"]
[Black "Cocuzzi, Edoardo"]
[Result "0-1"]
[WhiteElo "1560"]
[BlackElo "1689"]
[PlyCount "114"]
[EventDate "2006.08.19"]

1. e4 e5 2. Nf3 Nc6 3. Bc4 Bc5 4. c3 d6 5. h3 h6 6. d4 exd4 7. cxd4 Bb6 8. Nc3
Nge7 9. Nd5 Nxd5 10. Bxd5 Ne7 11. Qb3 O-O 12. Bc4 Nc6 13. Qd3 Nb4 14. Qc3 Nc6
15. b4 a5 16. b5 a4 17. Bd2 Na7 18. O-O Bd7 19. Rab1 Qe8 20. Rfe1 Bxb5 21. Qb4
Bxc4 22. Qxc4 Qc6 23. Qd3 Rfe8 24. e5 Qd5 25. exd6 Qxd6 26. Bb4 Qd5 27. Rxe8+
Rxe8 28. Qa3 Re2 29. Re1 Rxe1+ 30. Bxe1 Bxd4 31. Qxa4 Nb5 32. Nxd4 Nxd4 33.
Qe8+ Kh7 34. Bc3 Qe6 35. Qxe6 Nxe6 36. a4 Kg6 37. g4 Nf4 38. Kh2 Nd5 39. Bd2 c5
40. f4 f5 41. Kg2 c4 42. Kf3 c3 43. Bc1 Nb6 44. a5 Nc4 45. Ke2 h5 46. g5 Nxa5
47. Kd3 Kf7 48. Kxc3 Ke6 49. Kb4 Nc6+ 50. Kb5 Nd4+ 51. Kb6 Ne2 52. Bd2 Kd5 53.
Kxb7 Ke4 54. Kc7 Nxf4 55. Bxf4 Kxf4 56. h4 Kg4 57. Kd7 Kxh4 0-1

[Event "XIV C.to Italiano U20"]
[Site "Bratto - Castione della Presolana ITA"]
[Date "2006.08.24"]
[Round "6"]
[White "Andreoni, Giuseppe"]
[Black "Bonafede, Alessandro"]
[Result "0-1"]
[WhiteElo "2003"]
[BlackElo "2175"]
[PlyCount "52"]
[EventDate "2006.08.19"]

1. e4 c5 2. Nf3 Nc6 3. d4 cxd4 4. Nxd4 Nf6 5. Nc3 e5 6. Ndb5 d6 7. Nd5 Nxd5 8.
exd5 Nb8 9. c4 a6 10. Nc3 Be7 11. Bd3 O-O 12. O-O f5 13. f3 Bg5 14. f4 Bxf4 15.
Bxf4 exf4 16. Ne2 Nd7 17. Nxf4 Ne5 18. Kh1 Qb6 19. Qe2 Bd7 20. Rad1 Rae8 21.
Qf2 Qxf2 22. Rxf2 g5 23. Ne6 Bxe6 24. dxe6 Nxd3 25. Rxd3 Rxe6 26. h4 Rh6 0-1

[Event "XIV C.to Italiano U20"]
[Site "Bratto - Castione della Presolana ITA"]
[Date "2006.08.24"]
[Round "6"]
[White "Bartoli, Fabio"]
[Black "Cantu', Guido"]
[Result "0-1"]
[WhiteElo "1572"]
[BlackElo "1842"]
[PlyCount "64"]
[EventDate "2006.08.19"]

1. e4 c5 2. Nf3 d6 3. d4 cxd4 4. Nxd4 Nf6 5. Nc3 a6 6. f3 e5 7. Nb3 Be6 8. Be3
Nbd7 9. Qd2 b5 10. g4 Nb6 11. h4 Nc4 12. Bxc4 bxc4 13. Nc1 d5 14. exd5 Nxd5 15.
N1e2 Nxe3 16. Qxe3 Be7 17. g5 Qc7 18. O-O-O Qc5 19. Qe4 Rd8 20. Rxd8+ Bxd8 21.
Rd1 O-O 22. Nd5 Bc7 23. h5 Rb8 24. Nec3 Bd6 25. Ne3 Qb4 26. b3 cxb3 27. Qxb4
Bxb4 28. Ncd5 bxa2 29. Kb2 Bc5+ 30. Ka1 Bxe3 31. Nxe3 Kf8 32. Nd5 Rb1+ 0-1

[Event "XIV C.to Italiano U20"]
[Site "Bratto - Castione della Presolana ITA"]
[Date "2006.08.24"]
[Round "6"]
[White "Battistelli, Alessandro"]
[Black "Taglione, Stefano"]
[Result "1/2-1/2"]
[WhiteElo "1872"]
[BlackElo "1667"]
[PlyCount "73"]
[EventDate "2006.08.19"]

1. d4 d5 2. Nf3 Nf6 3. c4 e6 4. Bg5 Nbd7 5. Nc3 Be7 6. e3 O-O 7. Bd3 c6 8. O-O
Re8 9. Rc1 Qa5 10. cxd5 exd5 11. a3 Nf8 12. Ne5 Ne4 13. Nxe4 dxe4 14. Bxe7 Rxe7
15. Bxe4 f6 16. Nc4 Qg5 17. Bb1 Bg4 18. f4 Qh4 19. Qe1 Qxe1 20. Rfxe1 Rae8 21.
h3 Bh5 22. g4 Bf7 23. Nd6 Rd8 24. Nxf7 Kxf7 25. f5 Nd7 26. Ba2+ Kf8 27. Be6 Nb6
28. Red1 Nd5 29. Kf2 Nc7 30. Ba2 Rde8 31. Re1 Nb5 32. a4 Nd6 33. Be6 Ne4+ 34.
Kg2 Ng5 35. h4 Nxe6 36. fxe6 Rxe6 37. Kf3 1/2-1/2

[Event "XIV C.to Italiano U20"]
[Site "Bratto - Castione della Presolana ITA"]
[Date "2006.08.24"]
[Round "6"]
[White "Bellemo, Davide"]
[Black "Navarro, Stefano"]
[Result "0-1"]
[WhiteElo "2093"]
[BlackElo "2224"]
[PlyCount "104"]
[EventDate "2006.08.19"]

1. d4 d5 2. c4 e6 3. Nc3 Nf6 4. Bg5 c6 5. e3 Nbd7 6. Nf3 Qa5 7. Bxf6 Nxf6 8.
Qc2 Bb4 9. Nd2 O-O 10. Bd3 h6 11. O-O e5 12. dxe5 Ng4 13. Nf3 dxc4 14. Bxc4
Nxe5 15. Be2 Nxf3+ 16. Bxf3 Qe5 17. Rad1 Re8 18. Qb3 a5 19. a3 Be6 20. Qc2 Bd6
21. g3 Rad8 22. Rd2 Bc5 23. Rxd8 Rxd8 24. Rd1 Rxd1+ 25. Qxd1 Bxa3 26. Qd8+ Bf8
27. Qb6 Bc8 28. Qd8 Bh3 29. Qb6 Bb4 30. Nd1 Qd6 31. Qd4 Qxd4 32. exd4 Be6 33.
Ne3 Bd2 34. d5 cxd5 35. Nxd5 b5 36. Nc7 Bc4 37. Bc6 b4 38. Nb5 Bc1 39. Nd6 Bb3
40. Nb7 Bxb2 41. Nxa5 Be6 42. Kf1 Bd4 43. Ba4 Bb6 44. Nb3 Kf8 45. Ke2 Bc4+ 46.
Ke1 Ke7 47. f3 Kd6 48. Kd2 Bg1 49. h3 Bf2 50. g4 g5 51. Nc1 Bd4 52. Nd3 b3 0-1

[Event "XIV C.to Italiano U20"]
[Site "Bratto - Castione della Presolana ITA"]
[Date "2006.08.24"]
[Round "6"]
[White "Cocuzzi, Edoardo"]
[Black "Rombaldoni, Brian"]
[Result "0-1"]
[WhiteElo "1689"]
[BlackElo "1704"]
[PlyCount "130"]
[EventDate "2006.08.19"]

1. e4 c6 2. d4 d5 3. exd5 cxd5 4. h3 Nf6 5. Bd3 e6 6. Nf3 h6 7. O-O Nc6 8. b3
Bd6 9. Nbd2 a5 10. a3 Qb6 11. Bb2 O-O 12. c4 Bb8 13. c5 Qc7 14. Bc2 Qf4 15. Qe2
Re8 16. Rfe1 Nd7 17. Qd3 Nf8 18. Re3 Bd7 19. Ne5 Nxe5 20. dxe5 Rc8 21. Nf3 Rxc5
22. Bd4 Bb5 23. Qd2 Rc8 24. g3 Rxc2 25. Qxc2 Qf5 26. Qxf5 exf5 27. Bc5 Bc7 28.
Bxf8 Kxf8 29. Nd4 Bd7 30. e6 fxe6 31. Nxe6+ Bxe6 32. Rxe6 Re8 33. Rxe8+ Kxe8
34. Rd1 Ke7 35. Rxd5 Ke6 36. Rc5 Bd8 37. Kg2 b6 38. Rc6+ Kd7 39. Rg6 Bf6 40.
Rxf6 gxf6 41. Kf3 b5 42. Kf4 Ke6 43. h4 h5 44. a4 b4 45. f3 Kd5 46. Kxf5 Kd4
47. Kxf6 Kc3 48. Kg5 Kxb3 49. f4 Kxa4 50. f5 b3 51. f6 b2 52. f7 b1=Q 53. f8=Q
Qb5+ 54. Qf5 Qxf5+ 55. Kxf5 Kb5 56. Kg5 a4 57. Kxh5 a3 58. g4 a2 59. g5 a1=Q
60. Kg6 Qh8 61. h5 Kc6 62. h6 Kd7 63. Kf7 Qh7+ 64. Kf6 Ke8 65. Ke5 Kf7 0-1

[Event "XIV C.to Italiano U20"]
[Site "Bratto - Castione della Presolana ITA"]
[Date "2006.08.24"]
[Round "6"]
[White "Coladangelo, Andrea"]
[Black "Pulcini, Giorgio"]
[Result "0-1"]
[WhiteElo "1548"]
[BlackElo "1659"]
[PlyCount "32"]
[EventDate "2006.08.19"]

1. e4 e5 2. f4 exf4 3. Nf3 d6 4. d4 Qf6 5. Bc4 Nc6 6. O-O Bg4 7. c3 Nge7 8. Qa4
O-O-O 9. d5 Nb8 10. Qxa7 Rd7 11. Nd4 g5 12. Nd2 c6 13. dxc6 Nbxc6 14. Nxc6 bxc6
15. Qa8+ Kc7 16. a4 16... Rd8 {...} 0-1

[Event "XIV C.to Italiano U20"]
[Site "Bratto - Castione della Presolana ITA"]
[Date "2006.08.24"]
[Round "6"]
[White "Cozzarin, Davide"]
[Black "Paladino, Giovanni"]
[Result "0-1"]
[WhiteElo "2062"]
[BlackElo "1760"]
[PlyCount "88"]
[EventDate "2006.08.19"]

1. d4 Nf6 2. c4 g6 3. Nc3 Bg7 4. e4 d6 5. f3 O-O 6. Be3 e5 7. Nge2 Nbd7 8. Qd2
c6 9. g4 exd4 10. Nxd4 Ne5 11. Be2 a6 12. O-O-O Qc7 13. h3 b5 14. Nc2 Be6 15.
Qxd6 Rfc8 16. Qxc7 Rxc7 17. c5 a5 18. a3 Bb3 19. f4 Ned7 20. e5 Ne8 21. Rhe1 b4
22. Ne4 bxa3 23. bxa3 Rb8 24. Rd2 Rcb7 25. Nd4 Bd5 26. Bd3 Bxe4 27. Bxe4 Nxc5
28. Bc2 Bf8 29. Kd1 Rc8 30. Ke2 Ne6 31. Nxe6 fxe6 32. Rd3 Rb2 33. Rc1 Ra2 34.
Kd1 Rxa3 35. Rxa3 Bxa3 36. Ra1 Rd8+ 37. Ke2 Bb4 38. Bb3 Kf7 39. f5 Nc7 40. Bb6
Rd2+ 41. Ke3 Nd5+ 42. Bxd5 Rxd5 43. fxe6+ Kxe6 44. Bd4 Bc5 0-1

[Event "XIV C.to Italiano U20"]
[Site "Bratto - Castione della Presolana ITA"]
[Date "2006.08.24"]
[Round "6"]
[White "Dini, Andrea"]
[Black "Stella, Andrea"]
[Result "0-1"]
[WhiteElo "1930"]
[BlackElo "2120"]
[PlyCount "104"]
[EventDate "2006.08.19"]

1. d4 Nf6 2. c4 e6 3. Nc3 Bb4 4. g3 O-O 5. Nf3 d6 6. Bg2 Nc6 7. O-O Bxc3 8.
bxc3 Na5 9. Qd3 b6 10. Nd2 Rb8 11. Nb3 Ba6 12. Nxa5 bxa5 13. Bc6 Rb6 14. Bb5
Bxb5 15. cxb5 a6 16. bxa6 Qa8 17. Ba3 Qxa6 18. Qxa6 Rxa6 19. Rab1 Nd7 20. Rb7
Rc6 21. Rc1 Nb6 22. Rc2 Re8 23. e4 Kf8 24. Rxc7 Rxc7 25. Bxd6+ Rce7 26. Bxe7+
Kxe7 27. c4 Nd7 28. f4 Rb8 29. Kf2 f5 30. exf5 exf5 31. Ke3 Nf6 32. d5 Kd6 33.
Kd4 Rb4 34. a3 Rb3 35. c5+ Kc7 36. d6+ Kc6 37. Ke5 Rb5 38. Ke6 Rxc5 39. Rb2 Rb5
40. Rc2+ Rc5 41. Rb2 Nd7 42. Rb3 Rd5 43. Kf7 g6 44. Kg7 Rxd6 45. Kxh7 Kc5 46.
Kg7 Kc4 47. Rf3 Nc5 48. h3 Kd4 49. a4 Nd3 50. g4 Ke4 51. Rf1 Nxf4 52. gxf5 gxf5
0-1

[Event "XIV C.to Italiano U20"]
[Site "Bratto - Castione della Presolana ITA"]
[Date "2006.08.24"]
[Round "6"]
[White "Fossati, Remigio"]
[Black "Dvirnyy, Danyyil"]
[Result "0-1"]
[WhiteElo "2203"]
[BlackElo "2280"]
[PlyCount "76"]
[EventDate "2006.08.19"]

1. d4 Nf6 2. c4 g6 3. Nc3 Bg7 4. e4 d6 5. Nf3 O-O 6. Be2 e5 7. O-O Nc6 8. d5
Ne7 9. Nd2 c5 10. Rb1 Ne8 11. b4 b6 12. bxc5 bxc5 13. Nb3 f5 14. Bd2 Nf6 15. f3
h5 16. Qc2 f4 17. Nb5 a5 18. a4 g5 19. Bc3 Ne8 20. Qd2 Ng6 21. Bxa5 Qf6 22. Qd1
Rf7 23. Bb6 Bf8 24. Na5 g4 25. fxg4 Qg5 26. gxh5 Nh4 27. Bf3 Nxf3+ 28. Qxf3 Bg4
29. Qd3 Qxh5 30. Rf2 Nf6 31. Nc7 Rc8 32. Ne6 Bxe6 33. dxe6 Rg7 34. Rf3 Qg6 35.
Qc2 Nxe4 36. Re1 Ng5 37. Qe2 e4 38. Rf2 f3 0-1

[Event "XIV C.to Italiano U20"]
[Site "Bratto - Castione della Presolana ITA"]
[Date "2006.08.24"]
[Round "6"]
[White "Gilardi, Davide"]
[Black "Puleo, Diego"]
[Result "1/2-1/2"]
[WhiteElo "1518"]
[BlackElo "1767"]
[PlyCount "102"]
[EventDate "2006.08.19"]

1. d4 d5 2. c4 Nc6 3. Nc3 dxc4 4. e3 e6 5. Bxc4 Nf6 6. Nf3 Bb4 7. Bd2 a6 8. Rc1
Bxc3 9. Bxc3 Ne7 10. Bd3 b6 11. O-O Bb7 12. Qe2 Ne4 13. Nd2 Nxd2 14. Qxd2 Ng6
15. e4 Qh4 16. f4 O-O-O 17. Qc2 Qe7 18. Qe2 a5 19. Ba6 Qd6 20. Bxb7+ Kxb7 21.
Qf3 Ne7 22. a3 Nc6 23. Rfd1 f6 24. d5 exd5 25. Rxd5 Qe6 26. Rcd1 Qe7 27. Rxd8
Rxd8 28. Rxd8 Nxd8 29. e5+ Kb8 30. exf6 gxf6 31. f5 Nf7 32. h4 Ne5 33. Bxe5
Qxe5 34. Qf2 Kb7 35. Qf3+ c6 36. Qf2 c5 37. Kf1 Kc6 38. Qf3+ Qd5 39. Kf2 Qxf3+
40. Kxf3 Kd5 41. Kf4 b5 42. g4 c4 43. g5 fxg5+ 44. hxg5 b4 45. axb4 c3 46. bxc3
a4 47. c4+ Kd6 48. g6 hxg6 49. fxg6 Ke7 50. g7 Kf7 51. b5 a3 1/2-1/2

[Event "XIV C.to Italiano U20"]
[Site "Bratto - Castione della Presolana ITA"]
[Date "2006.08.24"]
[Round "6"]
[White "Lain, Luigi"]
[Black "De Nisi, Mario"]
[Result "1-0"]
[WhiteElo "2254"]
[BlackElo "1974"]
[PlyCount "63"]
[EventDate "2006.08.19"]

1. d4 Nf6 2. c4 g6 3. Nc3 Bg7 4. e4 d6 5. f3 O-O 6. Be3 c5 7. Nge2 Nc6 8. Qd2
cxd4 9. Nxd4 Ne5 10. Bh6 Nfd7 11. Be2 Nc5 12. Bxg7 Kxg7 13. O-O-O Ne6 14. Nd5
Nc6 15. Nc2 Bd7 16. h4 h6 17. f4 Nc5 18. Bf3 Be6 19. h5 f5 20. Qc3+ Kg8 21.
hxg6 Bxd5 22. exd5 Qa5 23. b4 Nxb4 24. Nxb4 Rac8 25. Rxh6 e5 26. dxe6 Rf6 27.
Rdh1 Nd3+ 28. Kd2 Nxf4 29. Rh8+ Kg7 30. R1h7+ Kxg6 31. Rh6+ Kg5 32. Qxf6# 1-0

[Event "XIV C.to Italiano U20"]
[Site "Bratto - Castione della Presolana ITA"]
[Date "2006.08.24"]
[Round "6"]
[White "Locci, Damiano"]
[Black "Finocchiaro, Gianluca"]
[Result "1-0"]
[WhiteElo "1976"]
[BlackElo "1986"]
[PlyCount "35"]
[EventDate "2006.08.19"]

1. e4 d6 2. d4 Nf6 3. Nc3 c6 4. f4 Qa5 5. Bd3 e5 6. Nf3 Bg4 7. Be3 Nbd7 8. Qd2
Be7 9. O-O-O b5 10. dxe5 dxe5 11. fxe5 b4 12. exf6 bxc3 13. Qxc3 Bb4 14. Qxc6
O-O 15. Qb5 Qxb5 16. Bxb5 Nxf6 17. e5 Ne4 18. Rd4 1-0

[Event "XIV C.to Italiano U20"]
[Site "Bratto - Castione della Presolana ITA"]
[Date "2006.08.24"]
[Round "6"]
[White "Manconi, Antonio"]
[Black "Gallucci, Alessio"]
[Result "1-0"]
[WhiteElo "2023"]
[BlackElo "1840"]
[PlyCount "93"]
[EventDate "2006.08.19"]

1. e4 c5 2. Nf3 Nc6 3. d4 cxd4 4. Nxd4 Nf6 5. Nc3 e5 6. Ndb5 d6 7. Bg5 a6 8.
Na3 b5 9. Bxf6 gxf6 10. Nd5 Bg7 11. c3 O-O 12. Nc2 f5 13. exf5 Bxf5 14. Nce3
Be6 15. g3 f5 16. Bg2 Ra7 17. Qh5 Kh8 18. O-O Bf7 19. Qh3 Be6 20. f4 e4 21. Qh5
Ne7 22. Rad1 Nxd5 23. Nxd5 Qa8 24. Ne3 d5 25. Bh3 Raf7 26. Kh1 b4 27. g4 fxg4
28. Bxg4 Bxg4 29. Qxg4 bxc3 30. bxc3 Rd8 31. Rg1 Bxc3 32. Qe6 Rg7 33. Rxg7 Bxg7
34. Nf5 d4 35. Nd6 e3+ 36. Kg1 Rxd6 37. Qxd6 h6 38. Qe6 Qf3 39. Qc8+ Kh7 40.
Qf5+ Kh8 41. Rf1 Qe2 42. Qe4 d3 43. Rb1 Bf8 44. Qe5+ Kg8 45. Qd5+ Kh8 46. Kh1
Bb4 47. Rg1 1-0

[Event "XIV C.to Italiano U20"]
[Site "Bratto - Castione della Presolana ITA"]
[Date "2006.08.24"]
[Round "6"]
[White "Mereu, Matteo"]
[Black "Parodi, Alessandro"]
[Result "1-0"]
[WhiteElo "1497"]
[BlackElo "1918"]
[PlyCount "41"]
[EventDate "2006.08.19"]

1. e4 d6 2. d4 Nf6 3. Bc4 g6 4. Nc3 Bg7 5. Qe2 O-O 6. Bf4 c6 7. e5 Ne8 8. O-O-O
b5 9. Bd3 Nc7 10. h4 Ne6 11. Be3 dxe5 12. dxe5 Nd4 13. Bxd4 Qxd4 14. Nf3 Qb6
15. h5 Bg4 16. hxg6 fxg6 17. Rxh7 Kxh7 18. Ng5+ Kg8 19. Qxg4 c5 20. Nd5 Qa6 21.
Nxe7+ 1-0

[Event "XIV C.to Italiano U20"]
[Site "Bratto - Castione della Presolana ITA"]
[Date "2006.08.24"]
[Round "6"]
[White "Mora, Lorenzo"]
[Black "De Filomeno, Simone"]
[Result "0-1"]
[WhiteElo "1871"]
[BlackElo "1687"]
[PlyCount "56"]
[EventDate "2006.08.19"]

1. Nf3 d5 2. g3 Nf6 3. Bg2 c6 4. d3 Bf5 5. Nbd2 Nbd7 6. O-O e5 7. b3 Bd6 8. Qe1
O-O 9. e4 Bg6 10. Bb2 Qe7 11. Nh4 Rfe8 12. f4 exf4 13. Nxg6 hxg6 14. gxf4 dxe4
15. dxe4 Bc5+ 16. Kh1 Ng4 17. Qg3 Ne3 18. Rfe1 Nxc2 19. Qc3 Nd4 20. Nf3 Ne6 21.
a3 Nf6 22. Bc1 Ng4 23. h3 Nf2+ 24. Kh2 Rad8 25. Bf1 Nd4 26. Nd2 Qh4 27. Bb2
Qxf4+ 28. Kg2 Bd6 0-1

[Event "XIV C.to Italiano U20"]
[Site "Bratto - Castione della Presolana ITA"]
[Date "2006.08.24"]
[Round "6"]
[White "Pomaro, Alberto"]
[Black "Lai, Luca"]
[Result "1-0"]
[WhiteElo "2046"]
[BlackElo "1877"]
[PlyCount "59"]
[EventDate "2006.08.19"]

1. d4 Nf6 2. c4 g6 3. Nc3 Bg7 4. e4 d6 5. f3 O-O 6. Be3 Nc6 7. Nge2 e5 8. d5
Ne7 9. Qd2 Re8 10. g4 a6 11. Ng3 b5 12. h4 b4 13. Nd1 c5 14. h5 Kf8 15. hxg6
hxg6 16. Bh6 Neg8 17. Bxg7+ Kxg7 18. Ne3 Nh7 19. O-O-O Ng5 20. Bg2 a5 21. Rh2
Bd7 22. Rdh1 Qf6 23. Nef5+ Bxf5 24. exf5 Kf8 25. Ne4 Nxe4 26. fxe4 gxf5 27.
gxf5 Ke7 28. Bf3 Kd7 29. Rh7 Ne7 30. R1h6 1-0

[Event "XIV C.to Italiano U20"]
[Site "Bratto - Castione della Presolana ITA"]
[Date "2006.08.24"]
[Round "6"]
[White "Regorda, Massimiliano"]
[Black "Palmitessa, Andrea"]
[Result "1-0"]
[WhiteElo "1882"]
[BlackElo "1512"]
[PlyCount "83"]
[EventDate "2006.08.19"]

1. e4 e5 2. Nf3 Nc6 3. Bb5 a6 4. Ba4 Nf6 5. O-O Be7 6. Re1 O-O 7. c3 d6 8. h3
Bd7 9. d4 exd4 10. cxd4 Re8 11. Nc3 h6 12. a3 Nh7 13. Bc2 Ng5 14. Bxg5 Bxg5 15.
Qd3 g6 16. Rad1 Be7 17. Qe3 Kg7 18. Qf4 Bg5 19. Nxg5 hxg5 20. Qf3 g4 21. hxg4
Qg5 22. Bb3 Rf8 23. Qg3 Qxg4 24. Qxg4 Bxg4 25. f3 Na5 26. Ba2 Bd7 27. Nd5 Rac8
28. Nb4 Ba4 29. Rc1 Bb3 30. Rc3 Bxa2 31. Nxa2 f5 32. d5 b5 33. Nb4 fxe4 34.
Rxe4 Nc4 35. Nxa6 Rf7 36. a4 Nb6 37. axb5 Nxd5 38. Rc6 Ra8 39. Rec4 Rc8 40. b6
Nxb6 41. Rxb6 cxb6 42. Rxc8 1-0

[Event "XIV C.to Italiano U20"]
[Site "Bratto - Castione della Presolana ITA"]
[Date "2006.08.24"]
[Round "6"]
[White "Romano, Zeno"]
[Black "Bosi, Clint"]
[Result "0-1"]
[WhiteElo "1862"]
[BlackElo "2050"]
[PlyCount "60"]
[EventDate "2006.08.19"]

1. e4 c5 2. Nf3 Nc6 3. d4 cxd4 4. Nxd4 e5 5. Nb5 d6 6. N5c3 Be6 7. Be2 Nf6 8.
Bg5 Be7 9. Bxf6 Bxf6 10. Nd5 O-O 11. Nbc3 Rc8 12. O-O Bg5 13. Bd3 Nd4 14. Kh1
f5 15. f3 f4 16. Ne2 Nc6 17. Bc4 Na5 18. Bb3 Bh4 19. Nec3 Kh8 20. Qd2 Bg3 21.
hxg3 fxg3 22. Rfd1 Qh4+ 23. Kg1 Qh2+ 24. Kf1 Qh1+ 25. Ke2 Qxg2+ 26. Kd3 Rxf3+
27. Qe3 Nxb3 28. axb3 Bxd5 29. exd5 Rxe3+ 30. Kxe3 Rf8 0-1

[Event "XIV C.to Italiano U20"]
[Site "Bratto - Castione della Presolana ITA"]
[Date "2006.08.24"]
[Round "6"]
[White "Ronchetti, Niccolo'"]
[Black "Rombaldoni, Denis"]
[Result "1-0"]
[WhiteElo "2421"]
[BlackElo "2348"]
[PlyCount "89"]
[EventDate "2006.08.19"]

1. e4 c6 2. d4 d5 3. e5 Bf5 4. Nc3 h5 5. Bd3 Bxd3 6. Qxd3 e6 7. Nf3 Be7 8. Ne2
h4 9. Be3 Qa5+ 10. Nd2 Qa6 11. c4 dxc4 12. Nxc4 Nd7 13. Nc3 Nh6 14. O-O Nf5 15.
b3 Rd8 16. a4 Nc5 17. Qd1 b6 18. Ne2 Qb7 19. Qc2 Na6 20. Qe4 Qd7 21. h3 Nb4 22.
Kh2 Nd5 23. Rac1 g6 24. Rfd1 Kf8 25. Bd2 Kg7 26. Ne3 Rc8 27. Ng4 Rhd8 28. Qf3
Qb7 29. Rc2 Qa6 30. Rdc1 Ba3 31. Ra1 Bb4 32. Bg5 Rd7 33. Nf6 Rdc7 34. Rac1 Qb7
35. g4 hxg3+ 36. fxg3 c5 37. g4 Nfe7 38. Ng3 Nc3 39. Qf4 cxd4 40. Bh6+ Kh8 41.
Bf8 Ng8 42. Bxb4 Nxf6 43. exf6 Kh7 44. g5 Rh8 45. Qxd4 1-0

[Event "XIV C.to Italiano U20"]
[Site "Bratto - Castione della Presolana ITA"]
[Date "2006.08.24"]
[Round "6"]
[White "Sala, Giovanni"]
[Black "Marazzi, Dominic"]
[Result "1-0"]
[WhiteElo "1968"]
[BlackElo "1679"]
[PlyCount "101"]
[EventDate "2006.08.19"]

1. e4 c5 2. Nf3 Nc6 3. d4 cxd4 4. Nxd4 Nf6 5. Nc3 Qc7 6. Be2 e6 7. Be3 a6 8.
O-O Be7 9. f4 d6 10. Nb3 b5 11. a3 Bb7 12. Bf3 Rc8 13. Qd2 Nd7 14. Qf2 O-O 15.
Rfd1 Na5 16. Nd2 Bf6 17. Bd4 Bxd4 18. Qxd4 Qb6 19. Qf2 Rfd8 20. Rac1 Qxf2+ 21.
Kxf2 Nb6 22. Be2 Nac4 23. Nxc4 Nxc4 24. Bxc4 Rxc4 25. Ke3 Kf8 26. e5 d5 27. Rd4
Rxd4 28. Kxd4 Ke7 29. Ne2 f6 30. c3 fxe5+ 31. fxe5 Rf8 32. Kc5 Rf2 33. Rc2 Rxg2
34. Kb6 Bc8 35. Nd4 Rxc2 36. Nxc2 g5 37. Kc7 Bd7 38. Kb6 Kf7 39. Kc7 Be8 40.
Kd6 h5 41. Nd4 g4 42. Nxe6 h4 43. Nf4 Kg7 44. Kxd5 g3 45. hxg3 hxg3 46. Ke6 Bc6
47. Nh5+ Kf8 48. Nxg3 Ke8 49. Kd6 Bf3 50. Nf5 a5 51. Nd4 1-0

[Event "XIV C.to Italiano U20"]
[Site "Bratto - Castione della Presolana ITA"]
[Date "2006.08.24"]
[Round "6"]
[White "Stromboli, Carlo"]
[Black "Valsecchi, Alessio"]
[Result "1/2-1/2"]
[WhiteElo "2196"]
[BlackElo "2004"]
[PlyCount "116"]
[EventDate "2006.08.19"]

1. e4 c5 2. Nf3 Nc6 3. d4 cxd4 4. Nxd4 Nf6 5. Nc3 g6 6. Nxc6 dxc6 7. Qxd8+ Kxd8
8. Bc4 Ke8 9. e5 Nd7 10. f4 b5 11. Be2 b4 12. Ne4 f5 13. Ng5 Nb6 14. h4 h5 15.
Bf3 Nd5 16. e6 Bg7 17. Bxd5 cxd5 18. a3 b3 19. cxb3 Bf6 20. Kf2 Bxg5 21. hxg5
Bxe6 22. Be3 Kd7 23. Bc5 d4 24. b4 Bd5 25. Bxd4 Rhc8 26. Rac1 e6 27. Rhe1 a6
28. Bc5 Rc6 29. Re2 Rb8 30. Rc3 Rb7 31. g3 Rb8 32. Ke3 e5 33. fxe5 Ke6 34. Bd4
Rxc3+ 35. Bxc3 Rc8 36. Rf2 Rc4 37. Rf4 Rxf4 38. gxf4 h4 39. Be1 h3 40. Bg3 Kd7
41. Kd4 Kc6 42. e6 Kd6 43. e7 Bf7 44. a4 Kxe7 45. Kc5 Bb3 46. b5 Bxa4 47. bxa6
Kd7 48. b4 Kc8 49. b5 Bd1 50. Kb6 Kb8 51. a7+ Ka8 52. Kc7 Bf3 53. b6 Bg2 54.
Bh2 Bf3 55. Bg1 Bg2 56. Kd6 Bf3 57. Ke6 Kb7 58. Ke5 Ka8 1/2-1/2

[Event "XIV C.to Italiano U20"]
[Site "Bratto - Castione della Presolana ITA"]
[Date "2006.08.24"]
[Round "6"]
[White "Stromboli, Ettore"]
[Black "Lapiccirella, Daniele"]
[Result "1/2-1/2"]
[WhiteElo "2224"]
[BlackElo "2146"]
[PlyCount "60"]
[EventDate "2006.08.19"]

1. e4 c5 2. Nf3 e6 3. d4 cxd4 4. Nxd4 Nc6 5. c4 Nf6 6. Nc3 Bb4 7. Nxc6 bxc6 8.
Bd3 e5 9. O-O O-O 10. Qe2 h6 11. Be3 Qe7 12. Na4 d5 13. a3 Bd6 14. c5 Bc7 15.
f3 Be6 16. b4 Rad8 17. Nb2 Nh5 18. Qc2 Nf4 19. Bxf4 exf4 20. exd5 Bxd5 21. Rae1
Qf6 22. Be4 Be5 23. Bxd5 Bxb2 24. Be4 Bxa3 25. Rb1 Rb8 26. Qa4 Bb2 27. Rbd1 Qc3
28. Bd3 Qxb4 29. Qxc6 Bd4+ 30. Kh1 Qxc5 1/2-1/2

[Event "XIV C.to Italiano U20"]
[Site "Bratto - Castione della Presolana ITA"]
[Date "2006.08.24"]
[Round "6"]
[White "Testa, Adriano"]
[Black "Fratino, Lorenzo"]
[Result "1-0"]
[WhiteElo "1729"]
[BlackElo "1901"]
[PlyCount "83"]
[EventDate "2006.08.19"]

1. e4 d5 2. exd5 Nf6 3. d4 Nxd5 4. c4 Nb6 5. Be3 g6 6. d5 Bg7 7. Bd4 e5 8. Bc5
c6 9. Nc3 cxd5 10. cxd5 Qc7 11. Ba3 Bd7 12. Ne4 Nc8 13. Qd2 Na6 14. Rc1 Qb6 15.
Rxc8+ Bxc8 16. Nd6+ Kd7 17. Bb5+ Kc7 18. Qc3+ Kb8 19. Nxf7 Nc7 20. Bd6 Rg8 21.
a4 a5 22. Bxc7+ Qxc7 23. Qxc7+ Kxc7 24. d6+ Kb6 25. d7 Bxd7 26. Bxd7 Rgf8 27.
Nd6 Kc7 28. Nxb7 Kxb7 29. Ne2 Rad8 30. Bb5 e4 31. Nc3 Rc8 32. O-O e3 33. fxe3
Rxf1+ 34. Kxf1 Bxc3 35. bxc3 Rxc3 36. Kf2 Kc7 37. Kf3 Kd6 38. h4 Ke6 39. Kf4
Rc5 40. Bd3 Rc3 41. Bb5 Rb3 42. Bc4+ 1-0

[Event "XIV C.to Italiano U20"]
[Site "Bratto - Castione della Presolana ITA"]
[Date "2006.08.24"]
[Round "6"]
[White "Torrisi, Andrea"]
[Black "Boscolo, Marco"]
[Result "0-1"]
[WhiteElo "1917"]
[BlackElo "2041"]
[PlyCount "90"]
[EventDate "2006.08.19"]

1. e4 e6 2. d3 d5 3. Nd2 c5 4. Ngf3 Nc6 5. g3 Nf6 6. Bg2 Be7 7. O-O O-O 8. Re1
Qc7 9. Qe2 b5 10. e5 Nd7 11. Nf1 a5 12. Bf4 Ba6 13. h4 b4 14. Ne3 Qb6 15. h5
Nd4 16. Nxd4 cxd4 17. Ng4 Rfc8 18. Nh2 Rc6 19. h6 g6 20. Rac1 Nc5 21. b3 Rac8
22. Qd2 Nd7 23. Re2 Rc3 24. Ree1 Qc5 25. Bg5 Bf8 26. Qf4 Rxc2 27. Rxc2 Qxc2 28.
Qxd4 Bc5 29. Qf4 Qc3 30. Nf3 Bxd3 31. Rc1 Qb2 32. Rxc5 Rxc5 33. Bh4 Qc1+ 34.
Kh2 Qxf4 35. gxf4 Be4 36. Bd8 Bxf3 37. Bxf3 Kf8 38. Bh4 Ke8 39. Kg3 Rc2 40. Bd1
Rxa2 41. Kg4 Rd2 42. Bf3 Rd3 43. Be2 Rxb3 44. Bb5 Rc3 45. Kg5 b3 0-1